Contratos administrativos / (Registro nro. 28359)

Detalles MARC
000 -LEADER
fixed length control field 00801nam a2200229Ia 4500
003 - CONTROL NUMBER IDENTIFIER
control field CO-CtgCURN
005 - DATE AND TIME OF LATEST TRANSACTION
control field 20250408223015.0
008 - FIXED-LENGTH DATA ELEMENTS--GENERAL INFORMATION
fixed length control field 190722s9999 xx 000 0 und d
020 ## - INTERNATIONAL STANDARD BOOK NUMBER
International Standard Book Number 9502014596
040 ## - CATALOGING SOURCE
Original cataloging agency CO-CtgCURN
Language of cataloging spa
Transcribing agency coctgcurn
082 ## - DEWEY DECIMAL CLASSIFICATION NUMBER
Classification number 342.06
Item number C764
245 #0 - TITLE STATEMENT
Title Contratos administrativos /
Statement of responsibility, etc. dir., Ismael Farrando, prol., Agustin Gordillo
260 ## - PUBLICATION, DISTRIBUTION, ETC.
Place of publication, distribution, etc. Buenos Aires, Argentina :
Name of publisher, distributor, etc. Abeledo-Perrot,
Date of publication, distribution, etc. 2002
300 ## - PHYSICAL DESCRIPTION
Extent 694 páginas ;
Dimensions 24 centímetros
521 ## - TARGET AUDIENCE NOTE
Target audience note AREA PROFESIONAL
590 ## - LOCAL NOTE (RLIN)
Local note Programa de Derecho_18
650 ## - SUBJECT ADDED ENTRY--TOPICAL TERM
Topical term or geographic name entry element Derecho constitucional y administrativo
700 ## - ADDED ENTRY--PERSONAL NAME
Personal name Farrando, Ismael
Relator term dir.
700 ## - ADDED ENTRY--PERSONAL NAME
Personal name Gordillo, Agustin
Relator term prol.
942 ## - ADDED ENTRY ELEMENTS (KOHA)
Koha item type Libros
Classification part 342.06
Item part C764
Source of classification or shelving scheme Dewey Decimal Classification
Suppress in OPAC No
Existencias
Withdrawn status Lost status Damaged status Not for loan Collection Home library Current library Shelving location Date acquired Inventory number Total checkouts Full call number Barcode Date last seen Copy number Price effective from Koha item type
          Miguel Henríquez Castañeda Barranquilla Miguel Henríquez Castañeda Barranquilla General 05/23/2018 01140   342.06 C764 01140 07/22/2019 ej.1 07/22/2019 Libros